| 000 | 00771nam0a2200265 4500 | ||
|---|---|---|---|
| 001 | RU\NLR\bibl\469946 | ||
| 005 | 20260406071822.0 | ||
| 021 |
_aRU _b2003-59564 _92913 |
||
| 035 | _a(NLR Aleph) 000463192 | ||
| 090 |
_a946917 _c946917 |
||
| 100 | _a20031209d2003 |||y0rusy50 ca | ||
| 101 | 0 | _arus | |
| 102 | _aRU | ||
| 105 | _ay ||||||||| | ||
| 200 | 1 |
_aПо дороге в Отечество _e[Стихи] _fИнокиня Васса |
|
| 210 |
_aМ. _cИКАР _d2003 |
||
| 215 |
_a139 с. _d16 |
||
| 686 | _aШ6(2=Р)75-5 | ||
| 700 | 0 |
_4070 _7ca _8rus _aВасса _cинокиня _9126461 _3RU\NLR\AUTH\7716827 |
|
| 801 | 0 |
_aRU _bNLR _c20031209 _gPSBO |
|
| 801 | 1 |
_aRU _bNLR _c20031209 |
|
| 942 | _cBOOK | ||
| 980 | _aNB | ||